[Event "Provence-ch"]
[Site "Provence"]
[Date "2002.??.??"]
[Round "8"]
[White "Saez, Jean Michel"]
[Black "Ricou, Pierre"]
[Result "0-1"]
[WhiteElo "1790"]
[BlackElo "2267"]
[PlyCount "60"]
[EventDate "2001.09.08"]
[EventType "tourn"]
[EventRounds "9"]
[EventCountry "FRA"]
[SourceTitle "EXT 2005"]
[Source "ChessBase"]
[SourceDate "2004.11.15"]
[SourceVersion "1"]
[SourceVersionDate "2004.11.15"]
[SourceQuality "1"]

1. d4 d5 2. c4 c6 3. Nf3 Nf6 4. Nc3 dxc4 5. a4 Bf5 6. Ne5 Nbd7 7. Nxc4 e6 8. Bf4 Nb6 9. e3 Bb4 10. Nxb6 Qxb6 11. Bd3 Nd5 12. 0-0 Nxf4 13. Bxf5 exf5 14. exf4 0-0 15. Qd3 Qa5 16. Ne2 Rad8 17. b3 Rd5 18. Rac1 Rfd8 19. Rfd1 g6 20. Rc2 c5 21. Rc4 cxd4 22. Rdc1 Bd2 23. R1c2 b5 24. Rc8 Rxc8 25. Rxc8+ Kg7 26. Nxd4 bxa4 27. Rc2 Bxf4 28. Qd1 Be5 29. Rd2 Kg8 30. bxa4 Rxd4 0-1